[Event "Valasska Bystrice op 11th"]
[Site "Valasska Bystrice"]
[Date "2019.09.14"]
[Round "9"]
[White "Divis, Jan"]
[Black "Milfort, Vaclav"]
[Result "1-0"]
[WhiteElo "1536"]
[BlackElo "1347"]
[PlyCount "114"]
[EventDate "2019.09.07"]
[EventType "swiss"]
[EventRounds "9"]
[EventCountry "CZE"]
[SourceTitle "EXT 2020"]
[Source "ChessBase"]
[SourceDate "2019.10.17"]
[SourceVersion "1"]
[SourceVersionDate "2019.10.17"]
[SourceQuality "1"]

1. d4 d5 2. Bf4 c6 3. Nf3 Nd7 4. Nbd2 h6 5. e3 Ngf6 6. h3 e6 7. Bd3 c5 8. c3 c4 9. Be2 b5 10. b3 Be7 11. bxc4 bxc4 12. Qc2 Bb7 13. 0-0 Ne4 14. Rfb1 Bc6 15. Nxe4 dxe4 16. Nd2 Bd5 17. Nxe4 f5 18. Nd6+ Kf8 19. Nxc4 Rc8 20. Ne5 Nxe5 21. Bxe5 Qa5 22. Rb8 Rxb8 23. Bxb8 Kf7 24. Be5 Rc8 25. c4 Bb4 26. Qb3 Bc6 27. Rb1 Be7 28. Bf3 Qa6 29. c5 Bxf3 30. gxf3 Qc6 31. Kg2 g5 32. Qb7 Qe8 33. Qxa7 Ra8 34. Qc7 Rc8 35. Qa7 Ra8 36. Qb7 Rxa2 37. Bd6 Kf8 38. Bxe7+ Qxe7 39. Qxe7+ Kxe7 40. Rb7+ Kf8 41. Rh7 Rc2 42. Rxh6 Kf7 43. Rh8 e5 44. Rc8 exd4 45. exd4 Rd2 46. Rd8 Ke7 47. Rd6 Rd3 48. Kg3 Rd2 49. Rd5 Ke6 50. Rd6+ Ke7 51. d5 Rd4 52. Re6+ Kd7 53. Re5 Rf4 54. Kg2 Rc4 55. c6+ Kd6 56. Rxf5 Rc3 57. Rxg5 Rd3 1-0

[Event "Valasska Bystrice op 11th"]
[Site "Valasska Bystrice"]
[Date "2019.09.09"]
[Round "4"]
[White "Jerabek, Jan1"]
[Black "Divis, Jan"]
[Result "1/2-1/2"]
[WhiteElo "1189"]
[BlackElo "1536"]
[PlyCount "73"]
[EventDate "2019.09.07"]
[EventType "swiss"]
[EventRounds "9"]
[EventCountry "CZE"]
[SourceTitle "EXT 2020"]
[Source "ChessBase"]
[SourceDate "2019.10.17"]
[SourceVersion "1"]
[SourceVersionDate "2019.10.17"]
[SourceQuality "1"]

1. d4 Nf6 2. c4 e6 3. Nc3 d5 4. Bg5 Be7 5. Nf3 h6 6. Bh4 c6 7. e3 Nbd7 8. Bd3 a6 9. 0-0 b5 10. c5 Bb7 11. b4 a5 12. a3 axb4 13. axb4 0-0 14. Ne5 Nxe5 15. dxe5 Nd7 16. Bxe7 Qxe7 17. f4 Rxa1 18. Qxa1 Ra8 19. Qb2 f5 20. Ra1 Qd8 21. Rxa8 Qxa8 22. Qa2 Kf7 23. Qxa8 Bxa8 24. Ne2 Nb8 25. Nd4 Na6 26. Nc2 Bb7 27. Be2 g5 28. g3 gxf4 29. gxf4 Kg6 30. Kf2 Bc8 31. Kg3 Bd7 32. Kh4 Kg7 33. Bh5 Nc7 34. Nd4 Na6 35. Nc2 Kh7 36. Kg3 Kg7 37. Kh4 1/2-1/2

[Event "Valasska Bystrice op 11th"]
[Site "Valasska Bystrice"]
[Date "2019.09.08"]
[Round "3"]
[White "Divis, Jan"]
[Black "Dancak, Stanislav"]
[Result "0-1"]
[WhiteElo "1536"]
[BlackElo "1250"]
[PlyCount "106"]
[EventDate "2019.09.07"]
[EventType "swiss"]
[EventRounds "9"]
[EventCountry "CZE"]
[SourceTitle "EXT 2020"]
[Source "ChessBase"]
[SourceDate "2019.10.17"]
[SourceVersion "1"]
[SourceVersionDate "2019.10.17"]
[SourceQuality "1"]

1. d4 d5 2. Bf4 Nf6 3. e3 c5 4. c3 e6 5. Nf3 Nc6 6. Nbd2 cxd4 7. exd4 Bd6 8. Ne5 0-0 9. Bd3 Qc7 10. Ndf3 Ng4 11. Bg3 Ncxe5 12. Nxe5 Nxe5 13. dxe5 Bxe5 14. Qh5 f5 15. 0-0 Rf6 16. Bxe5 Qxe5 17. Rae1 Qf4 18. g3 Qd6 19. Qe8+ Rf8 20. Qh5 Rf6 21. Re3 Bd7 22. Rfe1 Re8 23. Re5 Rh6 24. Qe2 Qb6 25. b3 Rf6 26. c4 f4 27. cxd5 fxg3 28. hxg3 Ref8 29. Rf1 exd5 30. Rxd5 Bh3 31. Rb5 Bxf1 32. Qxf1 Qxf2+ 33. Qxf2 Rxf2 34. Rxb7 Rxa2 35. Bc4+ Kh8 36. Re7 Rd8 37. Re1 h6 38. Bf1 Rb2 39. Bc4 Rbd2 40. Rf1 Rd1 41. Rxd1 Rxd1+ 42. Kf2 g5 43. g4 Kg7 44. Ke3 Kf6 45. Ke4 Rg1 46. Kf3 Ke5 47. Be2 Rb1 48. Bc4 Kd4 49. Ke2 a5 50. Be6 Kc3 51. Bd5 Rxb3 52. Bxb3 Kxb3 53. Kd2 Kb2 0-1

[Event "Trebic Highlands op 12th"]
[Site "Trebic"]
[Date "2018.09.27"]
[Round "6"]
[White "Kovacs, Ivan1"]
[Black "Divis, Jan"]
[Result "1-0"]
[WhiteElo "1537"]
[BlackElo "1526"]
[PlyCount "77"]
[EventDate "2018.09.22"]
[EventType "swiss"]
[EventRounds "9"]
[EventCountry "CZE"]
[SourceTitle "CBM 186 Extra"]
[Source "ChessBase"]
[SourceDate "2018.08.24"]
[SourceVersion "1"]
[SourceVersionDate "2018.08.24"]
[SourceQuality "1"]

1. d4 d5 2. e3 Nf6 3. Nf3 Bf5 4. c4 e6 5. c5 c6 6. b4 b6 7. Ne5 bxc5 8. bxc5 Nbd7 9. Nxd7 Nxd7 10. Qa4 Qc7 11. Nd2 Be7 12. g3 0-0 13. Bg2 Rfb8 14. 0-0 a5 15. Nf3 Bf6 16. Bd2 Nxc5 17. dxc5 Bxa1 18. Rxa1 h6 19. Bc3 Rb1+ 20. Rxb1 Bxb1 21. Nd4 Rc8 22. a3 f6 23. Nf3 Ra8 24. Nd4 e5 25. Nxc6 Be4 26. Bxa5 Qb7 27. Bxe4 dxe4 28. Qxe4 Kf8 29. Qd5 Rxa5 30. Qd8+ Kf7 31. Nxa5 Qb1+ 32. Kg2 Qe4+ 33. Kf1 Qh1+ 34. Ke2 e4 35. Qd7+ Kg6 36. Qg4+ Kh7 37. c6 Qxh2 38. c7 Qh1 39. c8Q 1-0

[Event "Trebic Highlands op 11th"]
[Site "Trebic"]
[Date "2017.09.28"]
[Round "7"]
[White "Ruzicka, Vaclav1"]
[Black "Divis, Jan"]
[Result "1-0"]
[WhiteElo "1528"]
[BlackElo "1570"]
[PlyCount "195"]
[EventDate "2017.09.23"]
[EventType "swiss"]
[EventRounds "9"]
[EventCountry "CZE"]
[SourceTitle "EXT 2018"]
[Source "ChessBase"]
[SourceDate "2017.10.13"]
[SourceVersion "1"]
[SourceVersionDate "2017.10.13"]
[SourceQuality "1"]

1. d4 Nf6 2. c4 e6 3. Nf3 d5 4. g3 c6 5. Qc2 Na6 6. a3 Be7 7. Bg2 Qa5+ 8. Bd2 Qd8 9. 0-0 Ne4 10. Bf4 0-0 11. c5 Nc7 12. a4 h6 13. Nc3 Nxc3 14. Qxc3 Ne8 15. b4 a6 16. Qd3 Nf6 17. Ne5 Nh5 18. Bd2 Bd7 19. Nxd7 Qxd7 20. f4 f5 21. h3 Nf6 22. Kh2 Ne4 23. Be1 Rf7 24. Bf3 g5 25. e3 Rg7 26. Ra2 Qe8 27. Rg1 h5 28. Kh1 g4 29. Bg2 Kf7 30. h4 Bd8 31. Bf1 Kg8 32. Rgg2 b6 33. cxb6 Bxb6 34. Rgc2 Bd8 35. Kg2 Rc7 36. Ra1 Nd6 37. Qa3 Qd7 38. Rac1 Nc4 39. Bxc4 dxc4 40. Rxc4 Qd5+ 41. Kg1 Be7 42. Qb2 Rb8 43. Qg2 Rbc8 44. Qxd5 exd5 45. R4c2 Kf8 46. b5 axb5 47. axb5 Ba3 48. Ra1 Be7 49. Ba5 Ra7 50. b6 Rb7 51. Rac1 Ba3 52. Rxc6 Rxc6 53. Rxc6 Ke7 54. Rh6 Kd7 55. Rxh5 Bc1 56. Kf2 Kc6 57. Rxf5 Rd7 58. Rf6+ Kb5 59. Bc3 Re7 60. Be1 Bxe3+ 61. Kf1 Bxd4 62. Rf5 Bxb6 63. Rxd5+ Kc6 64. Rg5 Ra7 65. Rg6+ Kb5 66. Bf2 Ra1+ 67. Kg2 Bxf2 68. Kxf2 Ra2+ 69. Ke1 Ra1+ 70. Kd2 Ra2+ 71. Kc1 Kc4 72. Kb1 Rg2 73. Rc6+ Kd5 74. Rc3 Ke4 75. h5 Rh2 76. Rc5 Kf3 77. Rg5 Rh3 78. f5 Kxg3 79. f6 Kf4 80. Rg8 Rxh5 81. f7 Rf5 82. f8Q Rxf8 83. Rxf8+ Kg3 84. Kc2 Kg2 85. Kd2 g3 86. Ke2 Kg1 87. Kf3 g2 88. Rg8 Kh1 89. Kf2 g1Q+ 90. Rxg1+ Kh2 91. Rg8 Kh3 92. Kf3 Kh4 93. Kf4 Kh5 94. Rg4 Kh6 95. Rg5 Kh7 96. Kf5 Kh8 97. Rg2 Kh7 98. Kf6 1-0

[Event "Trebic Highlands op 11th"]
[Site "Trebic"]
[Date "2017.09.26"]
[Round "4"]
[White "Aird, Ian"]
[Black "Divis, Jan"]
[Result "1/2-1/2"]
[WhiteElo "1809"]
[BlackElo "1570"]
[PlyCount "71"]
[EventDate "2017.09.23"]
[EventType "swiss"]
[EventRounds "9"]
[EventCountry "CZE"]
[SourceTitle "EXT 2018"]
[Source "ChessBase"]
[SourceDate "2017.10.13"]
[SourceVersion "1"]
[SourceVersionDate "2017.10.13"]
[SourceQuality "1"]

1. c4 c5 2. Nf3 Nf6 3. e3 Nc6 4. d4 cxd4 5. exd4 e6 6. d5 exd5 7. cxd5 Bb4+ 8. Nc3 Qe7+ 9. Be3 Ne5 10. Be2 0-0 11. 0-0 Bxc3 12. bxc3 d6 13. h3 b6 14. Re1 Bb7 15. c4 Rfc8 16. Rc1 Rc7 17. Bf4 Nxf3+ 18. Bxf3 Qd8 19. Qd4 Rac8 20. g4 Ba6 21. Be2 Rc5 22. Bd3 h6 23. Kg2 g5 24. Bd2 Nd7 25. Bc3 f6 26. Qe4 Nf8 27. Qf5 Bxc4 28. Bxc4 Rxc4 29. Bxf6 Qd7 30. Qb1 Rxc1 31. Rxc1 Rxc1 32. Qxc1 Qf7 33. Bb2 Qxd5+ 34. Kg1 Qc5 35. Qe1 Qc2 36. Ba1 1/2-1/2

[Event "Trebic Highlands op 11th"]
[Site "Trebic"]
[Date "2017.09.23"]
[Round "1"]
[White "Heppell, Ian"]
[Black "Divis, Jan"]
[Result "1-0"]
[WhiteElo "2034"]
[BlackElo "1570"]
[PlyCount "29"]
[EventDate "2017.09.23"]
[EventType "swiss"]
[EventRounds "9"]
[EventCountry "CZE"]
[SourceTitle "EXT 2018"]
[Source "ChessBase"]
[SourceDate "2017.10.13"]
[SourceVersion "1"]
[SourceVersionDate "2017.10.13"]
[SourceQuality "1"]

1. e4 d5 2. exd5 Qxd5 3. Nc3 Qa5 4. d4 Nf6 5. Nf3 c6 6. Bc4 Bg4 7. h3 Bxf3 8. Qxf3 e6 9. 0-0 Nbd7 10. Re1 0-0-0 11. Bf4 Qb4 12. Bf1 h6 13. a3 Qa5 14. b4 Qf5 15. Qxc6+ 1-0

[Event "Karvina op"]
[Site "Karvina"]
[Date "2017.07.07"]
[Round "7"]
[White "Divis, Jan"]
[Black "Krajcovic, Filip"]
[Result "1/2-1/2"]
[WhiteElo "1597"]
[BlackElo "1657"]
[PlyCount "26"]
[EventDate "2017.07.01"]
[EventType "swiss"]
[EventRounds "9"]
[EventCountry "CZE"]
[SourceTitle "EXT 2018"]
[Source "ChessBase"]
[SourceDate "2017.10.13"]
[SourceVersion "1"]
[SourceVersionDate "2017.10.13"]
[SourceQuality "1"]

1. d4 d5 2. Bf4 c5 3. e3 e6 4. c3 Nd7 5. Nf3 Ngf6 6. Nbd2 Be7 7. Ne5 0-0 8. Be2 cxd4 9. exd4 Nxe5 10. Bxe5 Bd7 11. 0-0 Rc8 12. Rc1 Qb6 13. Qb3 Qxb3 1/2-1/2

[Event "Valasska Bystrice op"]
[Site "Valasska Bystrice"]
[Date "2015.09.13"]
[Round "2"]
[White "Hajek, Oskar"]
[Black "Divis, Jan"]
[Result "1-0"]
[WhiteElo "2111"]
[BlackElo "1621"]
[PlyCount "45"]
[EventDate "2015.09.12"]
[EventType "swiss"]
[EventRounds "9"]
[EventCountry "CZE"]
[SourceTitle "EXT 2016"]
[Source "ChessBase"]
[SourceDate "2015.10.08"]
[SourceVersion "1"]
[SourceVersionDate "2015.10.08"]
[SourceQuality "1"]

1. Nc3 Nc6 2. e4 e5 3. Nf3 d6 4. d4 exd4 5. Nxd4 Nxd4 6. Qxd4 Bd7 7. Bf4 Qf6 8. Qd2 Ne7 9. 0-0-0 0-0-0 10. Bg5 Qe6 11. f4 f6 12. f5 Qf7 13. Be3 Kb8 14. Qd4 Nc6 15. Qa4 a6 16. Bxa6 bxa6 17. Qxa6 Qe8 18. Rd5 Nd4 19. Rxd4 c5 20. Rb4+ cxb4 21. Ba7+ Ka8 22. Bb6+ Kb8 23. Qa7+ 1-0

[Event "Trebic Highlands op 10th"]
[Site "Trebic"]
[Date "2014.05.19"]
[Round "4"]
[White "Bachan, Lukas"]
[Black "Divis, Jan"]
[Result "1-0"]
[WhiteElo "1910"]
[BlackElo "1705"]
[PlyCount "101"]
[EventDate "2014.05.17"]
[EventType "swiss"]
[EventRounds "9"]
[EventCountry "CZE"]
[SourceTitle "CBM 160 Extra"]
[Source "ChessBase"]
[SourceDate "2014.07.01"]
[SourceVersion "1"]
[SourceVersionDate "2014.07.01"]
[SourceQuality "1"]

1. d4 Nf6 2. Nf3 e6 3. Bf4 d5 4. e3 Bd6 5. Ne5 c6 6. Bd3 h6 7. Nd2 Qc7 8. 0-0 Nbd7 9. Nxd7 Bxd7 10. Bxd6 Qxd6 11. c4 0-0 12. c5 Qc7 13. a4 b6 14. b4 bxc5 15. bxc5 a5 16. Qc2 Rfb8 17. Rfb1 Rxb1+ 18. Rxb1 Rb8 19. Nf3 Rxb1+ 20. Qxb1 Bc8 21. h3 Qb7 22. Qxb7 Bxb7 23. Nd2 e5 24. Nb3 e4 25. Be2 Nd7 26. Nxa5 Ba8 27. Bg4 Nb8 28. Bc8 Kf8 29. Bb7 Bxb7 30. Nxb7 Ke7 31. Nd6 g6 32. g4 f6 33. Kf1 Na6 34. Ke2 Ke6 35. f4 exf3+ 36. Kxf3 Nb4 37. a5 Na6 38. e4 Nc7 39. h4 Kd7 40. h5 gxh5 41. gxh5 Ne6 42. Ke3 dxe4 43. a6 Nc7 44. a7 Ke6 45. Kxe4 Kd7 46. Kf5 Ke7 47. Kg6 Ke6 48. Kxh6 f5 49. Kg5 f4 50. Kxf4 Kf6 51. Ne8+ 1-0